00410nam a2200181Ia 4500003000900000008004100009040001300050040001300063041000800076100002200084245004500106250001000151260001500161260000900176300000800185490002900193490000600222IT-RoPAU120407s9999 xx 000 0 und d aIT-RoPAU cIT-RoPAU aita aGregorius Magnus a"La regola pastorale. a cura di E. Logi" aSiena aCantagalli c1933 c cm aClassici crist., 40 - 41 v1